000 00693nam a2200277Ia 4500
005 20260324120254.0
008 008 260324s9999 xx 000 0 eng d
020 _a9781315715926
037 _aEBOOK
040 _aCRL
040 _beng
040 _cCRL
041 _2eng
041 _aeng
084 _qCRL
100 _aVictoria J. Marsick; Karen Watkins
_91157908
245 0 _aInformal and Incidental Learning in the Workplace (Routledge Revivals)
260 _bTaylor and Francis
260 _c2015
365 _a
365 _b240
856 _uhttp://www.taylorfrancis.com/books/9781315715926
942 _cEBOOK
999 _c1749360
_d1749360